000
00437nam a2200145Ia 4500
008
100122s9999 xx 000 0 und d
082
_b
19012
_a
822
100
_a
खरे सुरेश
245
_a
तूच माझी राणी
260
_b
केशव वामन जोशी
_c
1973
300
_a
102
630
_a
तूच माझी राणी
730
_a
तूच माझी राणी
942
_c
BOOK
999
_c
408167
_d
408164